| 000 | 01236naa a22003377a 4500 | ||
|---|---|---|---|
| 001 | BR7310871 | ||
| 003 | BR-BrBNA | ||
| 005 | 20240918173528.0 | ||
| 007 | ta | ||
| 008 | 230509b bl.||||| |||| 00| 0 por d | ||
| 040 |
_aBR-BrBNA _bpor _cBiblioteca Nacional de Agricultura |
||
| 041 | _a(Pt) | ||
| 072 |
_aF00 _b1112 _bG514 |
||
| 090 | _aF00 BR7310871 | ||
| 100 | 1 | _aMaciel, R.F.P. | |
| 100 | 1 | _aOliveira, H.G. de | |
| 100 | 1 | _aBenevides, E.C. | |
| 245 | 1 | _aDesbaste de bananeira [Musa spp., Ceara, Brasil] | |
| 260 | 3 |
_aFortaleza, CE (Brasil): _c1973. |
|
| 500 | _aConvenio SUDENE/UFC/SUDEC e UFC/BNDE-FUNDEPRO - 64 para melhoramento e experimentacao com culturas alimentares. Relatorio de Pesquisa 1973 Fortaleza, CE (Brasil): 1973. p. 89-99 (BR7310871-AM)F00 | ||
| 650 | _aBANANA | ||
| 650 | _aDESBASTE | ||
| 650 | _aPRODUTIVIDADE | ||
| 650 | _aMELHORAMENTO VEGETAL | ||
| 650 | _aPENTECOSTE | ||
| 650 | _aBATURITE | ||
| 650 | _aCEARA | ||
| 773 | 0 |
_tConvenio SUDENE/UFC/SUDEC e UFC/BNDE-FUNDEPRO - 64 para melhoramento e experimentacao com culturas alimentares. Relatorio de Pesquisa 1973 _wF00 BR7310871 _gFortaleza, CE (Brasil), 1973. p. 89-99 |
|
| 909 |
_a202404 _bLucia _c55 _dLucia Elande |
||
| 942 |
_cAM _2AGRIS |
||
| 999 |
_c305187 _d305187 |
||